000 00579nam a2200181Ia 4500
003 GCL
008 140319s9999 xx 000 0 ara d
040 _aGCL /
_cGCL
082 0 4 _a230.9
_bع ل
100 1 _aعبدالله محمدالحافظ النسابورى
245 1 0 _aكتاب معرفة علوم الحديث تصنيف /
_cعبدالله محمدالحافظ النسابورى
700 1 _aالسيد معظم حسين
260 _a[S.N] :
_bمكتبة المتنبى
300 _a266 ص
490 _a
650 0 4 _aعلوم الحديث
942 _2ddc
_cBK
999 _c54029
_d54029